Tree growing by rural people (Record no. 499210)

000 -LEADER
fixed length control field 00427cam a22001097a 4500
008 - FIXED-LENGTH DATA ELEMENTS--GENERAL INFORMATION
fixed length control field 180718b1985 xxu||||| |||| 00| 0 eng d
082 ## - DEWEY DECIMAL CLASSIFICATION NUMBER
Classification number Y42 F739t
245 ## - TITLE STATEMENT
Title Tree growing by rural people
Statement of responsibility, etc. by Food and Agriculture Organization of the United Nations
260 ## - PUBLICATION, DISTRIBUTION, ETC.
Place of publication, distribution, etc. Italy
Name of publisher, distributor, etc. Food and Agriculture Organization of the United Nations
Date of publication, distribution, etc. 1985
300 ## - PHYSICAL DESCRIPTION
Extent 130+p.
700 ## - ADDED ENTRY--PERSONAL NAME
Personal name Italy. Food and Agriculture Organization of the United Nations
Holdings
Withdrawn status Lost status Damaged status Not for loan Permanent Location Current Location Date acquired Full call number Barcode Date last seen Price effective from Koha item type
        Indian Institute of Public Administration Indian Institute of Public Administration 2018-08-04 Y42 F739t GG20581 2018-08-04 2018-08-04 GG

Powered by Koha